[Event "Ch World (juniors) (under 20)"]
[Site "masterchessopen.com Buenos Aires (Argentina)"]
[Round "0"]
[White "Annakov Babakuli (USA)"]
[Black "Spangenberg Hugo (ARG)"]
[Result "0-1"]
[WhiteElo "2429"]
[BlackElo "2535"]

1.d4 d5 2.c4 dxc4 3.Nf3 Nf6 4.e3 e6 5.Bxc4 c5 6.O-O a6 7.Qe2 b5 8.Bb3 Bb7
9.Rd1 Nbd7 10.a4 b4 11.Nbd2 Qc7 12.Nf1 Bd6 13.Bd2 Rc8 14.Rac1 Qb8 15.Ng3 O-O
16.Be1 h6 17.Bc2 cxd4 18.Nxd4 Ne5 19.f4 Ned7 20.b3 Rfd8 21.Nh5 Nxh5 22.Qxh5
Nf6 23.Qe2 Bc5 24.Bg3 Qa7 25.Bf2 Ne4 26.Bxe4 Bxe4 27.Nf3 Rxd1+ 28.Qxd1 Qa8
29.Qe2 Bd5 30.Nd2 f5 31.Qf1 Rc7 32.Nc4 Ba7 33.h3 Kh7 34.Kh2 Qc8 35.Qd3 Bxc4
36.bxc4 Rd7 37.Qb3 Bc5 38.Bh4 Qb7 39.Bf2 Rd2 40.Kg1 Qe4 {#R} 0-1

[Event "It (open)"]
[Site "masterchessopen.com Copenhagen (Denmark)"]
[Round "7"]
[White "Karlsen Arne (DEN)"]
[Black "Hansen Henrik Michael (DEN)"]
[Result "0-1"]
[WhiteElo "2023"]
[BlackElo "2124"]

1.d4 d5 2.Nf3 Nf6 3.c4 dxc4 4.e3 e6 5.Bxc4 a6 6.O-O c5 7.Qe2 b5 8.Bb3 Bb7
9.Rd1 Nbd7 10.Nc3 Qc7 11.e4 cxd4 12.Nxd4 Bc5 13.f3 e5 14.Nd5 Nxd5 15.exd5 O-O
16.Bg5 Bxd4+ 17.Kh1 Qd6 18.f4 Rfe8 19.Qg4 Rac8 20.f5 Nf6 21.Qh4 Bxd5 22.Bxf6
Bxb3 23.Bxg7 Kxg7 24.Rd3 Bc2 25.Rf3 Rc6 26.Raf1 Qf6 27.Qh5 Rg8 28.Rc1 Kh8
29.Rh3 Bxf5 30.Rxc6 Qxc6 {#R} 0-1

[Event "it (open) (zt)"]
[Site "masterchessopen.com Dublin (Ireland)"]
[Round "0"]
[White "Rossiter Philip J (ENG)"]
[Black "Brady Stephen (IRL)"]
[Result "1-0"]
[WhiteElo "2376"]
[BlackElo "2372"]

1.d4 d5 2.c4 dxc4 3.Nf3 a6 4.e3 Nf6 5.Bxc4 e6 6.O-O c5 7.Qe2 b5 8.Bb3 Bb7
9.Rd1 Nbd7 10.Nc3 Qb8 11.d5 c4 12.dxe6 fxe6 13.Bc2 Bd6 14.e4 e5 15.b3 cxb3
16.Bxb3 Nc5 17.Ba3 Be7 18.Bxc5 Bxc5 19.Rac1 Be7 20.Ng5 Bc8 21.Nd5 Ra7 22.Ne6
Bxe6 23.Nxf6+ Bxf6 24.Bxe6 Ke7 25.Bd5 Rc7 26.Qg4 Qc8 27.Rxc7+ Qxc7 28.Qe6+ Kf8
29.Bc6 {#r} 1-0

[Event "Ch France (team)"]
[Site "masterchessopen.com France"]
[Round "0"]
[White "Beikert Guenther (GER)"]
[Black "Kallai Gabor (HUN)"]
[Result "1-0"]
[WhiteElo "2432"]
[BlackElo "2460"]

1.d4 d5 2.c4 dxc4 3.Nf3 c5 4.e3 e6 5.Bxc4 Nf6 6.O-O a6 7.Qe2 b5 8.Bb3 Bb7 9.a4
b4 10.Rd1 Nbd7 11.Ne5 Qc7 12.Nxd7 Nxd7 13.d5 exd5 14.Bxd5 Bxd5 15.Rxd5 Be7
16.Nd2 Nf6 17.Rd3 O-O 18.Nc4 Rad8 19.Rxd8 Rxd8 20.Bd2 Ne4 21.Be1 Qc6 22.Qc2
Qd5 23.Rc1 f5 24.f3 Nd6 25.Nb6 Qe6 26.Qxc5 Nf7 27.Qc6 Qxe3+ 28.Bf2 Qd3 29.Nc4
Bf6 30.Ne3 h6 31.h3 Qd7 32.Qxa6 Bxb2 33.Rd1 Qe8 34.Rxd8 Qxd8 35.Qc4 Qa5 36.Qc6
Qd8 37.Nd5 Be5 38.Qb5 Qd6 39.a5 Nd8 40.a6 Nc6 41.a7 Nxa7 42.Bxa7 Bc3 43.Nxc3
bxc3 44.Qc4+ Kh7 45.Qxc3 Qd1+ 46.Kf2 {#r} 1-0

[Event "Oberliga Northwest 1992/93"]
[Site "masterchessopen.com Germany"]
[Round "0"]
[White "Blecken Volker (GER)"]
[Black "Naumann Frank (GER)"]
[Result "1-0"]
[WhiteElo "2298"]
[BlackElo "2287"]

1.d4 d5 2.c4 dxc4 3.Nf3 Nf6 4.e3 e6 5.Bxc4 c5 6.O-O a6 7.Qe2 b5 8.Bb3 Bb7
9.Rd1 Nbd7 10.Nc3 Qb6 11.a4 b4 12.a5 Qc7 13.Na4 Bd6 14.Bd2 cxd4 15.exd4 O-O
16.Rdc1 Qb8 17.Nc5 Nxc5 18.dxc5 Bxf3 19.Qxf3 Bxh2+ 20.Kh1 Be5 21.Rc2 Rd8
22.Re1 Nd5 23.Bg5 f6 24.Qg4 Re8 25.Rce2 Qb5 26.Bh6 f5 27.Qf3 Bxb2 28.Rxe6 gxh6
29.Qxd5 Kh8 30.Bc4 Qa4 31.Re7 Rxe7 32.Qxa8+ {#r} 1-0

[Event "It (open)"]
[Site "masterchessopen.com Hamburg (Germany)"]
[Round "8"]
[White "Hegeler Frank (GER)"]
[Black "Szymczak Zbigniew (POL)"]
[Result "1-0"]
[WhiteElo "2276"]
[BlackElo "2335"]

1.d4 d5 2.c4 dxc4 3.Nf3 Nf6 4.e3 e6 5.Bxc4 c5 6.O-O a6 7.Qe2 b5 8.Bb3 Bb7 9.a4
Nbd7 10.axb5 axb5 11.Rxa8 Qxa8 12.Nc3 b4 13.Nb5 Qb8 14.e4 cxd4 15.Nbxd4 Bc5
16.Rd1 Qc7 17.Bxe6 fxe6 18.Nxe6 Qc6 19.Nxg7+ Kf7 20.Nf5 h6 21.Bxh6 Ke8 22.e5
Ne4 23.Be3 Bxe3 24.Qxe3 Qc5 25.e6 Qxf5 26.exd7+ Ke7 27.Qb6 Bd5 28.Qxb4+ Kxd7
29.Qb7+ Ke6 30.Nd4+ Ke5 31.Qc7+ {#r} 1-0

[Event "It (open)"]
[Site "masterchessopen.com Ikaria (Greece)"]
[Round "7"]
[White "Oreopoulos Konstantinos (GRE)"]
[Black "Velikov Petar (BUL)"]
[Result "0-1"]
[WhiteElo "2272"]
[BlackElo "2417"]

1.d4 d5 2.Nf3 Nf6 3.c4 dxc4 4.e3 e6 5.Bxc4 a6 6.O-O c5 7.Qe2 b5 8.Bb3 Bb7
9.Nc3 Nbd7 10.Rd1 Bd6 11.Ne5 Qc7 12.f4 Rd8 13.a4 c4 14.axb5 cxb3 15.bxa6 Bc6
16.e4 Be7 17.d5 Ba8 18.d6 Bxd6 19.Nb5 Bc5+ 20.Kh1 Qb6 21.Nc4 Qc6 22.Ncd6+ Ke7
23.e5 Ne4 {#R} 0-1

[Event "It (open)"]
[Site "masterchessopen.com Las Palmas (Spain)"]
[Round "3"]
[White "Solana Suarez Ernesto (ESP)"]
[Black "Hoang Thanh Trang (HUN)"]
[Result "1-0"]
[WhiteElo "2321"]
[BlackElo "2300"]

1.d4 d5 2.c4 dxc4 3.e3 Nf6 4.Bxc4 e6 5.Nf3 c5 6.O-O a6 7.Qe2 b5 8.Bb3 Bb7 9.a4
b4 10.Nbd2 Nbd7 11.a5 {#r} 1-0

[Event "It (open)"]
[Site "masterchessopen.com Leeuwarden (Netherlands)"]
[Round "3"]
[White "Huzman Alexander (ISR)"]
[Black "Jonkman Harmen (NED)"]
[Result "1-0"]
[WhiteElo "2520"]
[BlackElo "2423"]

1.d4 d5 2.c4 dxc4 3.Nf3 Nf6 4.e3 e6 5.Bxc4 c5 6.O-O a6 7.Qe2 b5 8.Bb3 Bb7
9.Rd1 Nbd7 10.Nc3 Qb6 11.d5 Nxd5 12.Bxd5 Bxd5 13.Nxd5 exd5 14.Rxd5 Qb7 15.e4
Be7 16.Bg5 Nb6 17.Rad1 O-O 18.Bxe7 Qxe7 19.Rd6 Nc4 20.Rd7 Qe6 21.R7d5 Rfe8
22.b3 Na5 23.e5 Nb7 24.Rd7 Nd8 25.Qe4 Qc6 26.Qh4 Ne6 27.R1d6 Qc8 28.Ng5 Nxg5
29.Qxg5 c4 30.e6 Rf8 31.e7 Re8 32.Rd8 Qb7 33.Rxe8+ Rxe8 34.Rd8 Qc6 35.Qd5 {#r}
1-0

[Event "It (open) \"]
[Site "masterchessopen.com London (England)"]
[Round "10"]
[White "Tozer Richard (ENG)"]
[Black "Howell James C (ENG)"]
[Result "0-1"]
[WhiteElo "2298"]
[BlackElo "2470"]

1.d4 d5 2.c4 dxc4 3.Nf3 e6 4.e3 Nf6 5.Bxc4 c5 6.O-O a6 7.Qe2 b5 8.Bb3 Bb7
9.Rd1 Nbd7 10.e4 cxd4 11.Nxd4 Qb8 12.a4 Bd6 13.h3 b4 14.Nd2 O-O 15.Bc2 Nc5
16.b3 Bh2+ 17.Kh1 Bf4 18.N4f3 Qc7 19.e5 Nd5 20.Ne4 Rae8 21.Nfg5 Qxe5 22.Bb2
Nc3 23.Qh5 h6 24.Re1 N5xe4 25.Bxe4 Bxe4 26.Rxe4 Qxg5 {#R} 0-1

[Event "It (open) \"]
[Site "masterchessopen.com Schwabisch Gmund (Germany)"]
[Round "3"]
[White "Baburin Alexander (IRL)"]
[Black "Peric Slavisa (SRB)"]
[Result "1-0"]
[WhiteElo "2550"]
[BlackElo "2205"]

1.d4 d5 2.c4 dxc4 3.Nf3 Nf6 4.e3 c5 5.Bxc4 e6 6.O-O a6 7.Qe2 b5 8.Bb3 Bb7
9.Rd1 Nbd7 10.Nc3 Qc7 11.e4 cxd4 12.Nxd4 b4 13.Nd5 exd5 14.exd5+ Qe5 15.Qxe5+
Nxe5 16.Re1 O-O-O 17.Rxe5 Bxd5 18.Be3 Kb7 19.Rc1 Bxb3 20.Nxb3 Ng4 21.Na5+ Ka8
22.Nc6 Rc8 23.Rd5 Nf6 24.Rd8 Rxd8 25.Nxd8 Kb8 26.Bf4+ Ka7 27.Rc8 Rg8 28.Be3+
{#r} 1-0

[Event "It \"]
[Site "masterchessopen.com Budapest (Hungary)"]
[Round "3"]
[White "Lorincz Istvan (HUN)"]
[Black "Hoang Thanh Trang (HUN)"]
[Result "1-0"]
[WhiteElo "2270"]
[BlackElo "2285"]

1.d4 d5 2.Nf3 Nf6 3.c4 dxc4 4.e3 e6 5.Bxc4 c5 6.O-O a6 7.Qe2 b5 8.Bb3 Bb7
9.Rd1 Qb6 10.Nc3 Nbd7 11.a4 b4 12.a5 Qc7 13.Na4 Qxa5 14.Bd2 cxd4 15.exd4 Qf5
16.Ne5 Qe4 17.Qxe4 Bxe4 18.Nxd7 Nxd7 19.Rac1 Bd6 20.Re1 Nf6 21.Nb6 Rb8 22.Nc8
Be7 23.Bf4 Rb7 24.Bd6 Bd8 25.Ba4+ Rd7 26.Bxb4 {#r} 1-0

[Event "It (c)"]
[Site "masterchessopen.com Budapest (Hungary)"]
[Round "8"]
[White "Kovacevic Blazimir (CRO)"]
[Black "Jonkman Harmen (NED)"]
[Result "0-1"]
[WhiteElo "2315"]
[BlackElo "2280"]

1.d4 d5 2.c4 dxc4 3.Nf3 Nf6 4.e3 e6 5.Bxc4 c5 6.O-O a6 7.Qe2 b5 8.Bb3 Bb7
9.Rd1 Nbd7 10.Nc3 Qb6 11.d5 Nxd5 12.Nxd5 Bxd5 13.Bxd5 exd5 14.Rxd5 Be7 15.e4
Qb7 16.Bg5 Nb6 17.Rad1 f6 18.Bf4 O-O 19.R5d3 c4 20.R3d2 Bb4 21.Bd6 Bxd2
22.Bxf8 Rxf8 23.Rxd2 Re8 24.Rd4 Na4 25.Ne1 Qc6 26.h3 Nc5 27.f3 f5 28.e5 Qb6
29.Kh2 Ne6 30.Rd6 Qc5 31.g3 Nd4 32.Qf2 Qxe5 33.Rxd4 Qxe1 34.Qxe1 Rxe1 35.Rd2
Ra1 36.a3 c3 37.bxc3 Rxa3 38.Rc2 Kf7 39.Kg2 Ke6 40.Kf2 Kd5 41.Rd2+ Kc4 42.Rd7
Rxc3 43.Rxg7 b4 44.Ke2 Kb3 45.Ra7 Rc6 {#R} 0-1

[Event "It (c)"]
[Site "masterchessopen.com Budapest (Hungary)"]
[Round "4"]
[White "Peredy Ferenc (HUN)"]
[Black "Jonkman Harmen (NED)"]
[Result "1-0"]
[WhiteElo "2210"]
[BlackElo "2280"]

1.d4 d5 2.c4 dxc4 3.Nf3 Nf6 4.e3 e6 5.Bxc4 c5 6.O-O a6 7.Qe2 b5 8.Bb3 Bb7
9.Nc3 Nbd7 10.Rd1 Qb6 11.d5 Nxd5 12.Bxd5 Bxd5 13.Nxd5 exd5 14.Rxd5 Be7 15.e4
Qb7 16.Bg5 Nb6 17.Rd2 f6 18.Bf4 O-O 19.Rad1 Rad8 20.e5 Rxd2 21.Rxd2 Nc4 22.Rd1
fxe5 23.Bxe5 Nxe5 24.Qxe5 Bf6 25.Qxc5 Bxb2 26.Ng5 h6 27.Qc2 hxg5 28.Qxb2 Qf7
29.h3 Qf5 30.Rd6 Re8 31.Qd2 Re6 32.Rd5 Qf4 33.Rd8+ Kh7 34.Qd1 Qe5 35.Qh5+ Rh6
36.Qf3 Qe6 37.Qd3+ Qg6 38.Qd5 Qf6 39.Qg8+ Kg6 40.Qd5 Kh5 41.Qd1+ {#r} 1-0

[Event "Ch France (team) (2) 1994/95"]
[Site "masterchessopen.com France"]
[Round "0"]
[White "Miralles Gilles (FRA)"]
[Black "Luce Sebastien (FRA)"]
[Result "1-0"]
[WhiteElo "2470"]
[BlackElo "2315"]

1.d4 d5 2.c4 dxc4 3.Nf3 a6 4.e3 Nf6 5.Bxc4 e6 6.O-O c5 7.Qe2 b5 8.Bb3 Bb7
9.Rd1 Nbd7 10.Nc3 Qb8 11.Bc2 Bd6 12.dxc5 Bxc5 13.a3 Bd6 14.e4 O-O 15.Bg5 Ng4
16.h3 Nge5 17.Nxe5 Nxe5 18.Bb3 h6 19.Be3 Rc8 20.Rd2 Nc4 21.Bxc4 Rxc4 22.Rad1
Bf8 23.Qg4 f5 24.Qg6 Bxe4 25.Rd7 Bc6 26.Qxe6+ Kh8 27.Rf7 Qe8 28.Qxf5 Kg8
29.Rc7 Rd8 30.Rxd8 Qxd8 31.Qe6+ Kh8 32.Rc8 {#r} 1-0

[Event "Bundesliga (2nd) North 1993/94"]
[Site "masterchessopen.com Germany"]
[Round "0"]
[White "Giehring Sebastian (GER)"]
[Black "Schwekendiek Ulrich (GER)"]
[Result "0-1"]
[WhiteElo "2242"]
[BlackElo "2268"]

1.d4 d5 2.Nf3 Nf6 3.c4 dxc4 4.e3 e6 5.Bxc4 c5 6.O-O a6 7.Qe2 b5 8.Bb3 Bb7 9.a4
Nbd7 10.axb5 axb5 11.Rxa8 Qxa8 12.Nc3 b4 13.Nb5 Qa5 14.e4 cxd4 15.Bf4 Bc5
16.Nfxd4 O-O 17.Nd6 Bxd4 18.Nxb7 Qb6 19.Nd6 Nc5 20.Bc2 e5 21.Nc4 Qb5 22.Bc1 b3
23.Bd1 Ncxe4 24.Ne3 Qb7 25.Nf5 Qd7 26.Qf3 Nc5 27.Bg5 Nfe4 28.Bh6 gxh6 29.Qg4+
Ng5 30.Nxh6+ Kh8 31.Qxg5 Qe6 32.Bh5 Ne4 33.Nxf7+ Qxf7 34.Bxf7 Nxg5 35.Bxb3 Ne4
{#R} 0-1

[Event "It (open)"]
[Site "masterchessopen.com Ikaria (Greece)"]
[Round "7"]
[White "Tsorbatzoglou Theodoros (GRE)"]
[Black "Ibragimov Ildar (USA)"]
[Result "0-1"]
[WhiteElo "2220"]
[BlackElo "2480"]

1.d4 d5 2.c4 dxc4 3.Nf3 Nf6 4.e3 e6 5.Bxc4 c5 6.O-O a6 7.Qe2 b5 8.Bb3 Bb7
9.Rd1 Nbd7 10.Nc3 Qb8 11.d5 c4 12.dxe6 fxe6 13.Bc2 Bd6 14.h3 O-O 15.e4 Qc7
16.a3 Rae8 17.Nd4 Nc5 18.Qe3 Be5 19.Nde2 Rd8 20.Rxd8 Rxd8 21.f4 Bxc3 22.Nxc3
e5 23.Qf3 Nd3 24.fxe5 Qxe5 25.Bxd3 Rxd3 26.Qf4 Qd4+ 27.Kh2 Bxe4 28.Qb8+ Qd8
29.Qxd8+ Rxd8 30.Bg5 Bc6 31.Re1 Kf7 32.Re5 Rd6 33.g4 h6 34.Bf4 Rd4 35.Be3 Rxg4
36.Rc5 Rg2+ 37.Kh1 Bf3 38.Rf5 Ba8 39.Nd5 Bxd5 {#R} 0-1

[Event "It (open)"]
[Site "masterchessopen.com Jyvaskyla (Finland)"]
[Round "1"]
[White "Heinimaki Leo (FIN)"]
[Black "Keskisarja Teemu (FIN)"]
[Result "0-1"]
[WhiteElo "2072"]
[BlackElo "2285"]

1.d4 d5 2.c4 dxc4 3.Nf3 Nf6 4.e3 e6 5.Bxc4 c5 6.O-O a6 7.Qe2 b5 8.Bb3 Bb7
9.Rd1 Nbd7 10.Nc3 Qb8 11.e4 cxd4 12.Nxd4 Bd6 13.h3 b4 14.Na4 Nxe4 15.Be3 O-O
16.Rac1 Ndc5 17.Nb6 Ra7 18.Nc4 Bh2+ 19.Kh1 Bd5 20.Nf3 Bf4 21.Na5 Nxb3 22.axb3
Bxe3 23.Qxe3 Rc7 24.Nc4 Rfc8 25.Kg1 h6 26.Nfe5 Nf6 27.Ra1 Bxc4 28.bxc4 Rc5
29.f4 Qb7 30.b3 a5 31.Rd4 Qa7 32.Rad1 R5c7 33.Nc6 Qa8 34.Rd8+ Kh7 35.Qe4+ g6
36.Rxc8 Rxc8 37.Ne5 Qa7+ 38.Kh2 Kg7 39.Qd4 Qxd4 40.Rxd4 Ra8 41.g4 a4 42.bxa4
Rxa4 43.g5 hxg5 44.fxg5 Nh5 45.c5 Ra2+ 46.Kg1 b3 {#R} 0-1

[Event "Ch World (juniors) (under 20)"]
[Site "masterchessopen.com Matinhos (Brazil)"]
[Round "0"]
[White "Alberto M (ARG)"]
[Black "Dos Santos Ramiro (ARG)"]
[Result "0-1"]
[WhiteElo "2043"]
[BlackElo "2315"]

1.d4 d5 2.Nf3 Nf6 3.c4 dxc4 4.e3 c5 5.Bxc4 e6 6.O-O a6 7.Qe2 b5 8.Bb3 Bb7 9.a4
Nbd7 10.Rd1 Qb6 11.Nc3 b4 12.Nb1 Be7 13.Nbd2 O-O 14.Nc4 Qc7 15.Nfe5 Rac8
16.Bc2 cxd4 17.Nxd7 Nxd7 18.Rxd4 e5 19.Rg4 f5 20.Bb3 fxg4 21.e4 Kh8 22.Qxg4
Nf6 23.Qe6 Bxe4 24.Nxe5 Qxc1+ {#R} 0-1

[Event "It (open) (active) PCA"]
[Site "masterchessopen.com Moscow (Russia)"]
[Round "0"]
[White "Georgiev Kiril (MKD)"]
[Black "Dlugy Maxim (USA)"]
[Result "1-0"]
[WhiteElo "2615"]
[BlackElo "2540"]

1.d4 d5 2.c4 dxc4 3.e3 Nf6 4.Bxc4 e6 5.Nf3 c5 6.O-O a6 7.Qe2 b5 8.Bb3 Bb7
9.Rd1 Be7 10.Nc3 Qc7 11.e4 b4 12.e5 bxc3 13.exf6 Bxf6 14.d5 O-O 15.dxe6 fxe6
16.bxc3 Bxc3 17.Ng5 Bd5 18.Bxd5 exd5 19.Qd3 Re8 20.Qxd5+ {#r} 1-0

[Event "Olympiad"]
[Site "masterchessopen.com Moscow (Russia)"]
[Round "14"]
[White "Ginting Nasib (INA)"]
[Black "Reefat Bin-Sattar (BAN)"]
[Result "1-0"]
[WhiteElo "2395"]
[BlackElo "2405"]

1.d4 d5 2.c4 dxc4 3.Nf3 Nf6 4.e3 e6 5.Bxc4 c5 6.O-O a6 7.Qe2 b5 8.Bb3 Bb7 9.a4
Nbd7 10.axb5 axb5 11.Rxa8 Qxa8 12.Nc3 b4 13.Nb5 Qb8 14.e4 Be7 15.e5 Nd5 16.Bg5
Bc6 17.Bxd5 Bxd5 18.Bxe7 Kxe7 19.Nd6 h6 20.Qe3 cxd4 21.Nxd4 f6 22.f4 g5
23.N4b5 fxe5 24.fxe5 Rg8 25.Rf7+ Kd8 26.Qf2 {#r} 1-0

[Event "Olympiad"]
[Site "masterchessopen.com Moscow (Russia)"]
[Round "13"]
[White "Tan Tzer-En (SIN)"]
[Black "O'Cinneide Mel (IRL)"]
[Result "0-1"]
[WhiteElo "2210"]
[BlackElo "2260"]

1.d4 d5 2.c4 dxc4 3.Nf3 Nf6 4.e3 a6 5.Bxc4 e6 6.O-O c5 7.Qe2 b5 8.Bb3 Bb7
9.Rd1 Nbd7 10.Nc3 Qb6 11.d5 Nxd5 12.Nxd5 Bxd5 13.Bxd5 exd5 14.Rxd5 Qb7 15.e4
Be7 16.Bg5 f6 17.Bf4 O-O 18.Nh4 Nb6 19.Rd3 Rfe8 20.Nf5 Bf8 21.Re1 Rad8 22.Rxd8
Rxd8 23.h4 Qf7 24.h5 Kh8 25.Rd1 Rxd1+ 26.Qxd1 Qd7 27.Qf3 Nc4 28.b3 Nb6 29.Bc1
c4 30.Bb2 Qd2 31.Bc3 Qc1+ 32.Kh2 Nd7 33.bxc4 b4 34.Bd4 Qxc4 35.Qd1 Qxa2 36.g4
Qe6 37.f3 Bd6+ 38.Kh3 Bf8 39.Qa1 Ne5 {#R} 0-1

[Event "It"]
[Site "masterchessopen.com San Martin (Argentina)"]
[Round "1"]
[White "Fiorito Fabian (ARG)"]
[Black "Slipak Sergio (ARG)"]
[Result "1-0"]
[WhiteElo "2445"]
[BlackElo "2445"]

1.d4 d5 2.c4 dxc4 3.Nf3 a6 4.e3 Nf6 5.Bxc4 e6 6.O-O c5 7.Qe2 b5 8.Bb3 Bb7 9.a4
Nbd7 10.axb5 axb5 11.Rxa8 Qxa8 12.Nc3 Bxf3 13.gxf3 b4 14.Nb5 Qb7 15.e4 cxd4
16.Nxd4 Bc5 17.Rd1 O-O 18.Qb5 Qc7 19.Be3 Bd6 20.h3 Nc5 21.Rc1 Nfd7 22.Kg2 Qd8
23.Bd1 Qf6 24.Nc6 Qg6+ 25.Kf1 Qh5 26.e5 Qxh3+ 27.Ke2 Bxe5 28.Bxc5 Bxb2 29.Bxf8
Bxc1 30.Bxb4 e5 31.Ne7+ Kf8 32.Qc6 {#r} 1-0

[Event "Slovak League 1993/94"]
[Site "masterchessopen.com Slovakia"]
[Round "12"]
[White "Ac Michal (SVK)"]
[Black "Salakhova Gulnar (RUS)"]
[Result "1-0"]
[WhiteElo "2174"]
[BlackElo "2125"]

1.d4 d5 2.c4 dxc4 3.Nf3 Nf6 4.e3 a6 5.Bxc4 e6 6.O-O c5 7.Qe2 b5 8.Bb3 Bb7 9.a4
Nbd7 10.Rd1 Be7 11.dxc5 Bxc5 12.Ne5 Qb6 13.Nxd7 Nxd7 14.Nc3 b4 15.a5 Qc6 16.f3
Qc7 17.Ba4 Bc6 18.Bxc6 Qxc6 19.Ne4 Be7 20.Rd4 O-O 21.Bd2 b3 22.Rc1 Qb7 23.Nd6
Bxd6 24.Rxd6 Nf6 25.Rb6 Qd5 26.e4 Qe5 27.Rxb3 Rfd8 28.Rc6 Qd4+ 29.Be3 Qa4
30.Rbc3 Rd1+ 31.Kf2 Rdd8 32.Rxa6 Rxa6 33.Qxa6 Qa1 34.Qb6 Qd1 35.a6 Ra8 36.a7
Qd7 37.Qb8+ Qe8 38.Qb7 Nd7 39.Bf4 e5 40.Be3 {#r} 1-0

[Event "Ch Switzerland (team)"]
[Site "masterchessopen.com Switzerland"]
[Round "0"]
[White "Orlowski Juergen (GER)"]
[Black "Brunner Lucas (SUI)"]
[Result "0-1"]
[WhiteElo "2171"]
[BlackElo "2525"]

1.d4 d5 2.Nf3 Nf6 3.c4 dxc4 4.e3 e6 5.Bxc4 c5 6.O-O a6 7.Qe2 b5 8.Bb3 Bb7 9.a4
Nbd7 10.axb5 axb5 11.Rxa8 Qxa8 12.Nc3 b4 13.Nb5 Bxf3 14.gxf3 Qb7 15.Rd1 Be7
16.e4 cxd4 17.Nxd4 Nc5 18.Bc2 b3 19.Bb1 O-O 20.Be3 Rb8 21.Rc1 Nfd7 22.Bf4 Ra8
23.Qb5 Qxb5 24.Nxb5 g5 25.Be3 Bf6 26.Bd4 Bxd4 27.Nxd4 Ra4 28.Rd1 Ne5 29.Kf1
Nc4 30.Ke2 Nxb2 31.Rc1 Rc4 32.Rxc4 Nxc4 33.Bd3 Na3 {#R} 0-1

[Event "Ch Czech Republic (open)"]
[Site "masterchessopen.com Usti nad Labem (Czech Republic)"]
[Round "0"]
[White "Trapl Jindrich (CZE)"]
[Black "Kucera Petr 88 (CZE)"]
[Result "1-0"]
[WhiteElo "2370"]
[BlackElo "2158"]

1.d4 d5 2.c4 dxc4 3.Nf3 Nf6 4.e3 e6 5.Bxc4 c5 6.O-O a6 7.Qe2 b5 8.Bb3 Bb7 9.a4
b4 10.Nbd2 Be7 11.Rd1 Nbd7 12.e4 cxd4 13.e5 d3 14.Qxd3 Nd5 15.Ne4 Nc5 16.Nxc5
Bxc5 17.a5 h6 18.Ba4+ Kf8 19.Be3 Rc8 20.Bb3 g6 21.Bxd5 Bxd5 22.Qxa6 Kg7 23.Qb5
Qe7 24.Bxc5 Qxc5 25.Qxc5 Rxc5 26.Rdc1 Rhc8 27.Rxc5 Rxc5 28.Ne1 b3 29.f3 Ba8
30.Kf2 Rxe5 31.Nd3 Rb5 32.a6 Kf6 33.a7 Ke7 34.Ke3 Kd6 35.Kd4 Kc7 36.Kc4 Kb6
37.Nb4 Ra5 38.Rxa5 Kxa5 39.Kc5 e5 40.Nc6+ Ka6 41.Nxe5 {#r} 1-0

[Event "It (open)"]
[Site "masterchessopen.com Val Thorens (France)"]
[Round "6"]
[White "Barsov Alexei (UZB)"]
[Black "Olivier Jean-Christophe (FRA)"]
[Result "1-0"]
[WhiteElo "2450"]
[BlackElo "2310"]

1.d4 d5 2.c4 dxc4 3.Nf3 a6 4.e3 Nf6 5.Bxc4 e6 6.O-O c5 7.Qe2 b5 8.Bb3 Bb7 9.a4
b4 10.Rd1 Qc7 11.e4 cxd4 12.e5 Nd5 13.Nxd4 Nd7 14.Bxd5 Bxd5 15.Bf4 Qb7 16.Nd2
Bxg2 17.f3 Bh3 18.Ne4 Bc5 19.Rac1 Bxd4+ 20.Rxd4 O-O 21.Qd2 Qa7 22.Kh1 Nb6
23.Be3 Qe7 24.Bg5 f6 25.exf6 gxf6 26.Bxf6 Rxf6 27.Qg5+ Kh8 28.Qxf6+ Qxf6
29.Nxf6 Kg7 30.Rxb4 Nxa4 31.Nh5+ Kh6 32.Nf4 {#r} 1-0

[Event "Olympiad"]
[Site "masterchessopen.com Moscow (Russia)"]
[Round "14"]
[White "Ginting Nasib (INA)"]
[Black "Reefat Bin-Sattar (BAN)"]
[Result "1-0"]
[WhiteElo "2395"]
[BlackElo "2405"]

1.d4 d5 2.c4 dxc4 3.Nf3 Nf6 4.e3 e6 5.Bxc4 c5 6.O-O a6 7.Qe2 b5 8.Bb3 Bb7 9.a4
Nbd7 10.axb5 axb5 11.Rxa8 Qxa8 12.Nc3 b4 13.Nb5 Qb8 14.e4 Be7 15.e5 Nd5 16.Bg5
Bc6 17.Bxd5 Bxd5 18.Bxe7 Kxe7 19.Nd6 h6 20.Qe3 cxd4 21.Nxd4 f6 22.f4 g5
23.N4b5 fxe5 24.fxg5 Rg8 25.Rf7+ Kd8 26.Qf2 hxg5 27.Rh7 Rf8 28.Qe3 Rg8 29.Nf7+
Ke8 30.Nbd6+ Kf8 31.Nxe5 Qxd6 32.Nxd7+ Ke8 33.Nf6+ {#r} 1-0

[Event "It (open)"]
[Site "masterchessopen.com Barbera (Spain)"]
[Round "8"]
[White "Campos Moreno Javier B (CHI)"]
[Black "Magem Badals Jordi (ESP)"]
[Result "0-1"]
[WhiteElo "2450"]
[BlackElo "2560"]

1.d4 d5 2.c4 dxc4 3.Nf3 Nf6 4.e3 e6 5.Bxc4 c5 6.O-O a6 7.Qe2 b5 8.Bb3 Bb7 9.a4
Nbd7 10.axb5 axb5 11.Rxa8 Qxa8 12.Nc3 b4 13.Nb5 Qb8 14.e4 cxd4 15.Nbxd4 Bd6
16.Bxe6 fxe6 17.Nxe6 g6 18.Qc4 Qc8 19.Ng7+ Kf8 20.Qe6 Kxg7 21.Qxd6 Qc5 22.Qf4
Re8 23.Be3 Qe7 24.Re1 Qxe4 25.Qd6 Qd5 26.Qxb4 Ne5 27.Rc1 Kg8 28.Qf4 Nd3 {#R}
0-1

[Event "It (open)"]
[Site "masterchessopen.com Biel (Switzerland)"]
[Round "4"]
[White "Sutter Oliver (SUI)"]
[Black "Raetsky Alexander (RUS)"]
[Result "0-1"]
[WhiteElo "2335"]
[BlackElo "2505"]

1.d4 d5 2.c4 dxc4 3.Nf3 Nf6 4.e3 e6 5.Bxc4 c5 6.O-O a6 7.Qe2 b5 8.Bb3 Bb7 9.a4
Nbd7 10.axb5 axb5 11.Rxa8 Qxa8 12.Nc3 b4 13.Nb5 Qb8 14.e4 cxd4 15.Nbxd4 Bd6
16.Rd1 O-O 17.Nxe6 fxe6 18.Bxe6+ Kh8 19.Qd3 Nxe4 20.Bxd7 Bxh2+ 21.Nxh2 Nxf2
22.Qd6 Nxd1 23.Qxd1 Rd8 24.Bg5 Rxd7 25.Qxd7 Qa7+ 26.Be3 Qxe3+ {#R} 0-1

[Event "It (open)"]
[Site "masterchessopen.com Copenhagen (Denmark)"]
[Round "4"]
[White "Fant Goran (SWE)"]
[Black "Petersen Soren Boeck (DEN)"]
[Result "0-1"]
[WhiteElo "2095"]
[BlackElo "2230"]

1.d4 d5 2.c4 dxc4 3.Nf3 Nf6 4.e3 e6 5.Bxc4 c5 6.O-O a6 7.Qe2 b5 8.Bb3 Bb7
9.Nc3 Nbd7 10.Rd1 Qb8 11.Ne5 Be7 12.f4 O-O 13.a4 b4 14.Nb1 Qa7 15.a5 Rad8
16.Ba4 cxd4 17.exd4 Nxe5 18.fxe5 Rxd4 19.Be3 Rxd1+ 20.Bxd1 Bc5 21.exf6 Bxe3+
22.Kh1 Qd4 23.fxg7 Rd8 24.Bc2 Be4 25.Na3 bxa3 26.Rd1 a2 27.Rxd4 Rxd4 {#R} 0-1

[Event "Ch Finland (team) 1995/96"]
[Site "masterchessopen.com Finland"]
[Round "1"]
[White "Binham Timothy F (FIN)"]
[Black "Tiitta Sauli (FIN)"]
[Result "0-1"]
[WhiteElo "2330"]
[BlackElo "2174"]

1.d4 d5 2.c4 dxc4 3.Nf3 a6 4.e3 Nf6 5.Bxc4 e6 6.O-O c5 7.Qe2 b5 8.Bb3 Bb7
9.Nc3 Nbd7 10.Rd1 Qb6 11.e4 cxd4 12.Nxd4 Bc5 13.Be3 O-O 14.Rac1 Rfd8 15.f3 Ne5
16.Nc2 a5 17.Bxc5 Qxc5+ 18.Qe3 Qxe3+ 19.Nxe3 Ba6 20.Rxd8+ Rxd8 21.Rd1 Rxd1+
22.Bxd1 b4 23.Na4 Nfd7 24.b3 Kf8 25.Bc2 Ke7 26.Kf2 Nd3+ 27.Bxd3 Bxd3 28.Ke1
Kd6 29.Kd2 Bb5 30.Nb2 Kc5 31.Nbc4 a4 32.Nb2 a3 33.Nd3+ Bxd3 34.Kxd3 Ne5+
35.Kd2 Nc6 36.Kd3 Nd4 37.f4 f6 38.h3 h5 39.Kd2 Nb5 {#R} 0-1

[Event "Oberliga NRW 1994/95"]
[Site "masterchessopen.com Germany"]
[Round "0"]
[White "Roeder Mathias (GER)"]
[Black "Mainka Gregor (GER)"]
[Result "1-0"]
[WhiteElo "2460"]
[BlackElo "2335"]

1.d4 d5 2.c4 dxc4 3.Nf3 a6 4.e3 Nf6 5.Bxc4 c5 6.O-O e6 7.Qe2 b5 8.Bb3 Bb7 9.a4
Nbd7 10.axb5 axb5 11.Rxa8 Qxa8 12.Nc3 b4 13.Nb5 Qb8 14.e4 cxd4 15.Nbxd4 Bc5
16.Rd1 e5 17.Nf5 O-O 18.Ng5 h6 19.Nxf7 Rxf7 20.Rxd7 Nxd7 21.Qh5 Qf8 22.Nxh6+
gxh6 23.Bxh6 {#r} 1-0